The book of religions; (Record no. 20216)

MARC details
000 -LEADER
fixed length control field 01176cam a22003011 4500
001 - CONTROL NUMBER
control field 17295697
003 - CONTROL NUMBER IDENTIFIER
control field OSt
005 - DATE AND TIME OF LATEST TRANSACTION
control field 20230814102446.0
008 - FIXED-LENGTH DATA ELEMENTS--GENERAL INFORMATION
fixed length control field 120511s1858 mau 000 0 eng
010 ## - LIBRARY OF CONGRESS CONTROL NUMBER
LC control number 24011622
020 ## - INTERNATIONAL STANDARD BOOK NUMBER
International Standard Book Number 1425548155
040 ## - CATALOGING SOURCE
Original cataloging agency DLC
Transcribing agency DLC
Modifying agency DLC
050 00 - LIBRARY OF CONGRESS CALL NUMBER
Classification number BR157
Item number .H3 1860
100 1# - MAIN ENTRY--PERSONAL NAME
Personal name Hayward, John,
Dates associated with a name 1781-1869.
245 14 - TITLE STATEMENT
Title The book of religions;
Remainder of title comprising the views, creeds, sentiments, or opinions, of all the principal religious sects in the world particulary of all Christian denominations in Europe and America, to which are added church and missionary statistics, together with biographical sketches /
Statement of responsibility, etc. John Hayward ...
260 ## - PUBLICATION, DISTRIBUTION, ETC. (IMPRINT)
Place of publication, distribution, etc. Boston :
Name of publisher, distributor, etc. Sanborn, Bazin and Ellsworth,
Date of publication, distribution, etc. 1860.
300 ## - PHYSICAL DESCRIPTION
Extent 432 p. ;
530 ## - ADDITIONAL PHYSICAL FORM AVAILABLE NOTE
Additional physical form available note Also available in digital form.
590 ## - LOCAL NOTE (RLIN)
Local note LC copy imperfect; t.p. wanting.
650 #0 - SUBJECT ADDED ENTRY--TOPICAL TERM
Topical term or geographic name as entry element Sects.
650 #0 - SUBJECT ADDED ENTRY--TOPICAL TERM
Topical term or geographic name as entry element Religions.
650 #0 - SUBJECT ADDED ENTRY--TOPICAL TERM
Topical term or geographic name as entry element Christian biography.
856 41 - ELECTRONIC LOCATION AND ACCESS
Uniform Resource Identifier <a href="http://hdl.loc.gov/loc.gdc/scd0001.00140861236">http://hdl.loc.gov/loc.gdc/scd0001.00140861236</a>
906 ## - LOCAL DATA ELEMENT F, LDF (RLIN)
a 0
b cbc
c premunv
d 3
e ncip
f 19
g y-gencatlg
942 ## - ADDED ENTRY ELEMENTS (KOHA)
Source of classification or shelving scheme Library of Congress Classification
Koha item type General Collection
Holdings
Withdrawn status Lost status Source of classification or shelving scheme Not for loan Home library Current library Date acquired Cost, normal purchase price Total Checkouts Full call number Barcode Date last seen Price effective from Koha item type
    Library of Congress Classification   Kabarak, Main Campus Kabarak, Main Campus 14/08/2023 4323.00   BR157 .H3 1860 c.1 34638 02/08/2024 14/08/2023 General Collection
Designed with assistance from East African Informatics Ltd